Tratado práctico a los monjes
Na minha lista:
| Autor principal: | |
|---|---|
| Formato: | Livro |
| Idioma: | espanhol |
| Publicado em: |
Madrid
Ciudad Nueva
1995
|
| coleção: | Biblioteca de Patrística, 28
|
| Assuntos: | |
| Tags: |
Adicionar Tag
Sem tags, seja o primeiro a adicionar uma tag!
|
MARC
| LEADER | 00000nam a2200000 a 4500 | ||
|---|---|---|---|
| 001 | UCU7342 | ||
| 003 | CL-VaPUC | ||
| 008 | 960628e19950000SP |||||||||||||||||spa|d | ||
| 082 | 0 | 4 | |a 281 |b EVA |2 21 |
| 100 | 0 | |a Evagrio Póntico |e author |9 366134 | |
| 245 | 1 | 0 | |a Tratado práctico a los monjes |
| 246 | 1 | 0 | |a Exortación a una virgen sobre la oración |
| 300 | |a 293 p | ||
| 942 | |c BK | ||
| 945 | |d 19960628 00:00:00 |a aalvarez | ||
| 260 | |a Madrid |b Ciudad Nueva |c 1995 | ||
| 650 | 0 | |a Padres de la Iglesia |9 313352 | |
| 650 | 0 | |a Patrística |9 322007 | |
| 650 | 0 | |a Espiritualidad |9 267331 | |
| 650 | 0 | |a Vida cristiana |9 258753 | |
| 650 | 0 | |a Patrología |9 349346 | |
| 583 | |a last modification |c 19960628 00:00:00 |k Rodrigo Vera | ||
| 490 | 0 | |a Biblioteca de Patrística, 28 | |
| 999 | |c 250003 |d 250001 | ||
| 952 | |0 0 |1 0 |4 0 |6 281_000000000000000_EVA_1995 |7 0 |8 A |9 267629 |a BIBTEO |b BIBTEO |d 2019-11-19 |i 3211339 |o 281 EVA 1995 |p 3211339 |r 2024-01-18 |w 2019-11-19 |y BK |k ICR | ||